00933nam a2200265 i 450000100060000000300090000600500170001500700030003200800410003502000180007608000120009424500570010626000370016330000300020049000510023050000130028150400350029465000320032970000310036170000290039283000590042185200400048099900170052095201300053714633ES-MaACL20250811113623.0t|990520s1998 sp ||||1| spa d a84-239-5486-2 a7.031.600aArte africano / cpor Jacques Kerchache... [et al.]. aMadrid : bEspasa-Calpe, c1998. a636 p. : bil. ; c27 cm.1 aSumma Artis : historia general del arte ; v43 aIndices. aBibliografía : p. [471]-481.17aArte africano2embne9101511 aKerchache, Jacques.9678870 aPijoán, José.9920100 aSumma Artis : historia general del arte ; v439179647 aES-MaACLjJ-54 vol. XLIII bR.63772 c14633d14633 00104070aATENEOMbATENEOMcDEPO2d2008-01-17eSCl0oJ-54 vol. XLIIIp1014881r2023-02-23 00:00:00w2023-02-23yMONOGRAFIA